[Event "FSGM June"]
[Site "Budapest HUN"]
[Date "1996.06.12"]
[Round "10"]
[White "Varga, Zo"]
[Black "Collas, D"]
[Result "1-0"]
[WhiteElo "2540"]
[BlackElo "2380"]

1. e4 c5 2. Nf3 e6 3. d4 cxd4 4. Nxd4 Nf6 5. Nc3 d6 6. Be3 a6 7. g4 h6 8.
f3 Nc6 9. Qd2 d5 10. exd5 Nxd5 11. Nxc6 bxc6 12. Bd4 Qh4+ 13. Qf2 Qxf2+ 14.
Kxf2 Nxc3 15. Bxc3 Bc5+ 16. Kg2 f6 17. Bc4 Ke7 18. Rhe1 g5 19. Rad1 a5 20.
Re4 Bb4 21. Bxe6 Bxc3 22. bxc3 Bxe6 23. Rde1 Rhd8 24. Rxe6+ Kf7 25. Rxc6
Rd2+ 26. Kg3 Rxc2 27. Ree6 Rb8 28. Rxf6+ Ke7 29. Rb6 h5 30. gxh5 Rxb6 31.
Rxb6 Rxc3 32. Rg6 1-0

[Event "FSGM June"]
[Site "Budapest HUN"]
[Date "1996.06.12"]
[Round "10"]
[White "Appleberry, M"]
[Black "Lukacs, P"]
[Result "1/2-1/2"]
[WhiteElo "2265"]
[BlackElo "2440"]

1. e4 e5 2. Nf3 Nc6 3. Nc3 Nf6 4. Bc4 Bc5 5. d3 d6 6. Bg5 Na5 7. Bb3 h6 8.
Be3 Bb4 9. Ba4+ c6 10. Bd2 O-O 11. O-O b5 12. Bb3 Bg4 13. h3 Nxb3 14. axb3
Bxc3 15. bxc3 Bh5 16. b4 d5 17. Be3 a5 18. bxa5 Rxa5 19. Rxa5 Qxa5 20. Qa1
Qc7 21. Nd2 Bg6 22. f3 1/2-1/2

[Event "FSGM June"]
[Site "Budapest HUN"]
[Date "1996.06.13"]
[Round "11"]
[White "Collas, D"]
[Black "Vajda, L"]
[Result "1-0"]
[WhiteElo "2380"]
[BlackElo "2370"]

1. Nf3 Nf6 2. g3 g6 3. Bg2 Bg7 4. O-O O-O 5. c4 c5 6. Nc3 Nc6 7. a3 d5 8.
cxd5 Nxd5 9. Nxd5 Qxd5 10. d3 Qd6 11. Rb1 Be6 12. Ng5 Ba2 13. Ne4 Qd8 14.
Ra1 Bd5 15. Nd2 Bxg2 16. Kxg2 Nd4 17. Rb1 b5 18. b3 Qd5+ 19. Kg1 Rfd8 20.
Bb2 Ne6 21. Bxg7 Ng5 22. h4 Nh3+ 23. Kh2 Qf5 24. e4 Qe6 25. Bh6 Rxd3 26.
Be3 Rad8 27. Qe2 c4 28. bxc4 bxc4 29. Rfe1 h6 30. Nf1 g5 31. Qf3 c3 32.
Rec1 Nxf2 33. Qxf2 Qxe4 34. Rb4 Qd5 35. Rcb1 Rd6 36. Rb5 Qe4 37. hxg5 Rxe3
38. Qxe3 Rd2+ 39. Kh3 Qg2+ 40. Kh4 Re2 41. Rb8+ Kg7 42. Qxc3+ e5 43. gxh6+
Kh7 44. Kg5 f6+ 45. Kxf6 Rf2+ 46. Kg5 1-0

[Event "FSGM June"]
[Site "Budapest HUN"]
[Date "1996.06.13"]
[Round "11"]
[White "Tseitlin, Mi"]
[Black "Appleberry, M"]
[Result "1-0"]
[WhiteElo "2425"]
[BlackElo "2265"]

1. e4 e5 2. Nf3 Nc6 3. Bb5 g6 4. c3 a6 5. Ba4 Bg7 6. d4 Nge7 7. d5 b5 8.
Bc2 Na5 9. a4 Bb7 10. Nbd2 c6 11. b4 Nc4 12. Nxc4 bxc4 13. d6 Nc8 14. Bg5
f6 15. Be3 a5 16. O-O Ba6 17. Bc5 Bh6 18. Qe2 axb4 19. cxb4 Rb8 20. Rfb1
Kf8 21. Bb3 cxb3 22. Qxa6 Qe8 23. Rxb3 Qe6 24. Qd3 Kf7 25. Rc3 Re8 26. Rd1
Bf8 27. h3 Kg7 28. Qd2 Qf7 29. Qc2 Re6 30. Rcd3 Kg8 31. Qc4 Re8 32. Qa6 Qa2
33. Nd2 Qc2 34. Qc4+ Qxc4 35. Nxc4 Kf7 36. g3 Ke6 37. f4 exf4 38. gxf4 Kf7
39. e5 Bg7 40. Rf1 Ra8 41. a5 f5 42. h4 Rb8 43. Kg2 h5 44. Rg3 Bh6 45. Kf3
Rg8 1-0

[Event "FSGM June"]
[Site "Budapest HUN"]
[Date "1996.06.13"]
[Round "11"]
[White "Lukacs, P"]
[Black "Pinski, J"]
[Result "1/2-1/2"]
[WhiteElo "2440"]
[BlackElo "2320"]

1. d4 Nf6 2. c4 c5 3. d5 b5 4. cxb5 a6 5. e3 axb5 6. Bxb5 Qa5+ 7. Nc3 Bb7
8. Nge2 Bxd5 9. O-O Bc6 10. a4 e6 11. Qd3 Be7 12. e4 O-O 13. Bg5 Qc7 14.
Rad1 Rd8 15. Ng3 d6 16. b3 Nbd7 17. Qe2 Bb7 18. Nh5 Bc6 19. f4 Re8 20. Bxc6
Qxc6 21. e5 Nxh5 22. Qxh5 d5 23. Bxe7 Rxe7 24. f5 exf5 25. Nxd5 Rxe5 26.
Rxf5 Rxf5 27. Qxf5 Re8 28. Qxd7 Qxd7 29. Nf6+ gxf6 30. Rxd7 Rb8 31. Rc7
Rxb3 32. Rxc5 Ra3 33. a5 Ra2 34. h3 Kg7 35. Kh2 Ra3 36. h4 Kg6 37. h5+ Kg7
38. g3 Kh6 39. Kh3 Ra4 40. Kg2 Ra3 41. Kf2 Kg7 42. g4 Kh6 43. Rf5 Kg7 44.
Ke2 Kf8 45. Kd2 Ke7 46. Kc2 Rg3 47. Rb5 Rxg4 48. Kb3 Kd7 49. a6 Kc7 50.
Rb7+ Kc8 51. Rxf7 Kb8 52. Rxh7 Rh4 53. h6 Ka8 54. Kc3 f5 55. Kd3 Rh3+ 56.
Kd4 f4 57. Ke4 f3 58. Ke3 Kb8 59. Rb7+ Ka8 60. Rb6 Ka7 61. Rf6 Rh1 62. Kf2
Rh3 63. Rg6 Ka8 64. Re6 Ka7 1/2-1/2

[Event "FSGM June"]
[Site "Budapest HUN"]
[Date "1996.06.13"]
[Round "11"]
[White "Kaabi, M"]
[Black "Nisipeanu, LD"]
[Result "0-1"]
[WhiteElo "2395"]
[BlackElo "2515"]

1. d4 Nf6 2. c4 e6 3. Nf3 b6 4. a3 Bb7 5. Nc3 d5 6. cxd5 Nxd5 7. Qc2 Be7 8.
e4 Nxc3 9. bxc3 O-O 10. Bd3 c5 11. O-O cxd4 12. cxd4 Nd7 13. Bb2 Rc8 14.
Qe2 Qc7 15. Rad1 Bf6 16. Qe3 Rfd8 17. Rfe1 Qb8 18. h4 b5 19. h5 h6 20. Re2
a6 21. e5 Be7 22. Nd2 Kf8 23. Bb1 Ke8 24. Qg3 Bf8 25. f4 Nb6 26. f5 Bd5 27.
Ne4 exf5 28. Nd6+ Bxd6 29. exd6+ Kf8 30. Bxf5 Rc6 31. Bc1 Qxd6 32. Bf4 Qf6
33. Bh7 Nc4 34. Rf1 Qxd4+ 35. Ref2 Rf6 36. Kh2 Be6 37. Bc2 Qc5 38. Qh4 Rd4
39. Bd1 Ne3 0-1

First Saturday IM June
-----------------------

[Event "FSIM June"]
[Site "Budapest HUN"]
[Date "1996.06.02"]
[Round "1"]
[White "Joecks, C"]
[Black "Vologin, V"]
[Result "1/2-1/2"]
[WhiteElo "2380"]
[BlackElo "2325"]

1. e4 c5 2. Nf3 Nc6 3. d4 cxd4 4. Nxd4 Nf6 5. Nc3 e5 6. Ndb5 d6 7. Bg5 a6
8. Na3 b5 9. Bxf6 gxf6 10. Nd5 Bg7 11. Bd3 Ne7 12. Nxe7 Qxe7 13. O-O O-O
14. c3 f5 15. exf5 e4 16. Re1 Bxf5 17. Nc2 d5 18. Bf1 Be6 19. Nd4 f5 20. a4
bxa4 21. Rxa4 a5 22. Qd2 Bd7 23. Ra2 f4 24. Nc2 1/2-1/2

[Event "FSIM June"]
[Site "Budapest HUN"]
[Date "1996.06.02"]
[Round "1"]
[White "Farago, S"]
[Black "Bigaliev, R"]
[Result "0-1"]
[WhiteElo "2365"]
[BlackElo "2390"]

1. e4 c5 2. Nf3 d6 3. d4 cxd4 4. Nxd4 Nf6 5. Nc3 a6 6. f4 e5 7. Nf3 Nbd7 8.
Bc4 Be7 9. a4 O-O 10. O-O b6 11. Qe2 Bb7 12. Kh1 Qc7 13. Rd1 Rfc8 14. Ba2
h6 15. Nh4 Nc5 16. Nf5 Ncxe4 17. fxe5 Nxc3 18. bxc3 dxe5 19. Rf1 Be4 20.
Nxe7+ Qxe7 21. Bb3 Bg6 22. Be3 Rc6 23. Rae1 Qc7 24. Bd2 Rd8 25. Bc1 Rxc3
26. Bb2 Bh5 27. Qxe5 Qxe5 28. Rxe5 Rc7 29. Ree1 Rc6 30. h3 Rd7 31. Kh2 Bg6
32. Rf2 Rcd6 33. Ree2 Ne4 34. Rf4 Nc5 35. Ba3 Rd4 36. Rxd4 Rxd4 0-1

[Event "FSIM June"]
[Site "Budapest HUN"]
[Date "1996.06.02"]
[Round "1"]
[White "Grabics, M"]
[Black "Tejas, B"]
[Result "0-1"]
[WhiteElo "2225"]
[BlackElo "2170"]

1. e4 c5 2. Nf3 d6 3. d4 cxd4 4. Nxd4 Nf6 5. Nc3 Nc6 6. Bc4 Qb6 7. Nb3 e6
8. f4 Be7 9. Qf3 a6 10. g4 d5 11. exd5 Nb4 12. Bd3 Nfxd5 13. Nxd5 Nxd3+ 14.
Qxd3 exd5 15. Be3 Bh4+ 16. Kd2 Qb4+ 17. c3 Qc4 18. Rhg1 Be7 19. Bd4 O-O 20.
Qe3 Bd6 21. f5 Bd7 22. f6 Rfe8 23. Qg5 Re2+ 24. Kd1 Qd3+ 25. Qd2 g6 26. Rc1
Rae8 27. Rc2 Rxh2 28. Kc1 Bc6 29. Kb1 h6 0-1

[Event "FSIM June"]
[Site "Budapest HUN"]
[Date "1996.06.02"]
[Round "1"]
[White "Schlusnik, N"]
[Black "Vajda, S"]
[Result "0-1"]
[WhiteElo "2225"]
[BlackElo "2265"]

1. d4 Nf6 2. c4 c5 3. Nf3 cxd4 4. Nxd4 e5 5. Nb5 d5 6. cxd5 Bc5 7. e3 O-O
8. N5c3 e4 9. Be2 Nbd7 10. Qc2 Qe7 11. Nd2 Re8 12. a3 a6 13. O-O Bd6 14.
Rd1 Qe5 15. Nf1 Qg5 16. Rd4 Qg6 17. Ng3 Be5 18. Rd2 Nc5 19. b4 Na4 20. Bb2
Nxb2 21. Qxb2 h5 22. Rc1 h4 23. Nf1 Bh3 24. g3 Rac8 25. Qb3 Ng4 26. Rdc2
Rcd8 27. Na4 Qf5 28. Bxg4 Qxg4 29. f4 exf3 30. Qc4 Qxc4 31. Rxc4 b5 0-1

[Event "FSIM June"]
[Site "Budapest HUN"]
[Date "1996.06.03"]
[Round "2"]
[White "Vajda, S"]
[Black "Joecks, C"]
[Result "1/2-1/2"]
[WhiteElo "2265"]
[BlackElo "2380"]

1. e4 Nf6 2. Nc3 d5 3. e5 Ne4 4. Nce2 f6 5. d3 Ng5 6. g3 Nf7 7. exf6 exf6
8. Bg2 g6 9. Nf3 Bg7 10. O-O O-O 11. Nfd4 Nc6 12. c3 Nxd4 13. Nxd4 Re8 14.
Be3 c6 15. a4 Ne5 16. a5 a6 17. b4 Bg4 18. Qd2 Qd7 19. f4 Nf7 20. Nb3 Nd6
21. Rfe1 Bh3 22. Bc5 Bxg2 23. Kxg2 Nf7 24. Bd4 Nd6 25. Bc5 Nf7 26. Bd4 Nd6
27. Bc5 1/2-1/2

[Event "FSIM June"]
[Site "Budapest HUN"]
[Date "1996.06.03"]
[Round "2"]
[White "Bigaliev, R"]
[Black "Kahn, E"]
[Result "1/2-1/2"]
[WhiteElo "2390"]
[BlackElo "2315"]

1. e4 c5 2. Nf3 d6 3. d4 cxd4 4. Nxd4 Nf6 5. Nc3 g6 6. Be2 Bg7 7. O-O O-O
8. Bg5 Nbd7 9. Re1 a6 10. Bf1 Re8 11. a4 b6 12. Nb3 Bb7 13. Qd2 Rc8 14. f3
Qc7 15. Kh1 Ne5 16. Be3 e6 17. Qf2 Ned7 18. Rad1 Nc5 19. Bf4 Red8 20. Nxc5
bxc5 21. e5 dxe5 22. Bxe5 Ng4 23. Rxd8+ Rxd8 24. Bxc7 Nxf2+ 25. Kg1 Bd4 26.
Ne2 Nh3+ 27. Kh1 Nf2+ 28. Kg1 Nh3+ 29. Kh1 Nf2+ 1/2-1/2

[Event "FSIM June"]
[Site "Budapest HUN"]
[Date "1996.06.03"]
[Round "2"]
[White "Vologin, V"]
[Black "Farago, S"]
[Result "1/2-1/2"]
[WhiteElo "2325"]
[BlackElo "2365"]

1. d4 Nf6 2. c4 e6 3. Nc3 d5 4. cxd5 exd5 5. Bg5 Be7 6. Nf3 c6 7. e3 Nbd7
8. Qc2 O-O 9. Bd3 h6 10. Bxf6 Nxf6 11. O-O Be6 12. Ne5 Ng4 13. Nxg4 Bxg4
14. Bf5 Bxf5 15. Qxf5 1/2-1/2

[Event "FSIM June"]
[Site "Budapest HUN"]
[Date "1996.06.03"]
[Round "2"]
[White "Gietl, T"]
[Black "Schlusnik, N"]
[Result "1-0"]
[WhiteElo "2235"]
[BlackElo "2225"]

1. e4 e5 2. Nf3 Nc6 3. Bc4 Bc5 4. c3 Nf6 5. d4 exd4 6. O-O d6 7. cxd4 Bb6
8. h3 Nxe4 9. d5 Ne7 10. Qe2 Ng3 11. Qd1 Nxf1 12. Kxf1 O-O 13. Bg5 f6 14.
Bd2 Ng6 15. Nc3 Ne5 16. Be2 Bf5 17. Bf4 Qd7 18. g4 Bxg4 19. hxg4 Qxg4 20.
Bg3 Qh3+ 21. Ke1 Rae8 22. Kd2 Qf5 23. Qh1 Ba5 24. Nd4 Bxc3+ 25. Kxc3 Qd7
26. Ne6 Rf7 27. f4 c6 28. fxe5 cxd5 29. Qxd5 dxe5 30. Bc4 Kh8 31. Ng5 Qxd5
32. Nxf7+ 1-0

[Event "FSIM June"]
[Site "Budapest HUN"]
[Date "1996.06.04"]
[Round "3"]
[White "Farago, S"]
[Black "Vajda, S"]
[Result "0-1"]
[WhiteElo "2365"]
[BlackElo "2265"]

1. e4 e5 2. Nf3 Nc6 3. Bb5 a6 4. Ba4 Nf6 5. O-O Be7 6. Re1 b5 7. Bb3 d6 8.
c3 O-O 9. h3 Nd7 10. d4 Bf6 11. a4 Bb7 12. Bc2 exd4 13. Nxd4 Nxd4 14. cxd4
c5 15. d5 c4 16. Nd2 Qc7 17. Ra3 b4 18. Rg3 b3 19. Bb1 Be5 20. f4 Bxf4 21.
Rxg7+ Kxg7 22. Qg4+ Kh8 23. Qxf4 f6 24. Nf3 Ne5 25. Bd2 Qg7 26. Nd4 Bc8 27.
Kh2 a5 28. Re3 Rg8 29. g3 Bd7 30. Re2 Qg6 31. Qh4 Rg7 32. Bh6 Rf7 33. Rf2
Re8 34. Nf5 Bxf5 35. exf5 Qg8 36. Qd4 Rb8 37. Bd2 Rb4 38. Be4 c3 0-1

[Event "FSIM June"]
[Site "Budapest HUN"]
[Date "1996.06.04"]
[Round "3"]
[White "Grabics, M"]
[Black "Bigaliev, R"]
[Result "1/2-1/2"]
[WhiteElo "2225"]
[BlackElo "2390"]

1. e4 c5 2. Nf3 d6 3. d4 cxd4 4. Nxd4 Nf6 5. Nc3 a6 6. Be3 e5 7. Nb3 Be6 8.
Qe2 Nbd7 9. O-O-O Rc8 10. f3 Rxc3 11. bxc3 d5 12. Kb2 dxe4 13. Bg5 exf3 14.
gxf3 Be7 15. Rg1 Qc7 16. f4 e4 17. Rg3 g6 18. Bh3 Bxh3 19. Rxh3 O-O 20. Qf2
a5 21. Qh4 h5 22. f5 Kg7 23. Bf4 Qc6 24. fxg6 fxg6 25. Qg5 Ng8 26. Be5+
Nxe5 27. Qxe5+ Bf6 28. Qxa5 Ne7 29. Nd4 Qd7 30. Re3 Nc6 31. Qa7 Qc7 32.
Ne6+ Kg8 33. Nxc7 Be5 34. Ne6 Rf6 35. Nc5 Bxh2 36. Rxe4 Ne5 37. Nxb7 Rc6
38. Rd5 Rb6+ 39. Rb4 Ra6 40. Nc5 1/2-1/2

[Event "FSIM June"]
[Site "Budapest HUN"]
[Date "1996.06.04"]
[Round "3"]
[White "Tejas, B"]
[Black "Czebe, A"]
[Result "0-1"]
[WhiteElo "2170"]
[BlackElo "2325"]

1. e4 e5 2. Nf3 Nc6 3. Bb5 Nge7 4. O-O g6 5. d4 exd4 6. Nxd4 Bg7 7. Be3 O-O
8. Nc3 d6 9. Qd2 Bd7 10. f4 a6 11. Be2 b5 12. f5 b4 13. f6 bxc3 14. Qxc3
Nxd4 15. Bxd4 Bh8 16. fxe7 Bxd4+ 17. Qxd4 Qxe7 18. Bc4 Bb5 19. a4 c5 20.
Qd3 Bxc4 21. Qxc4 Qb7 22. b3 Rae8 23. Rf4 Kg7 24. Raf1 f6 25. h4 Re5 26.
Rd1 Qc6 27. Qd3 Rd8 28. Qf3 Rf8 29. g4 g5 30. hxg5 Rxg5 31. Rf5 0-1

[Event "FSIM June"]
[Site "Budapest HUN"]
[Date "1996.06.05"]
[Round "4"]
[White "Vajda, S"]
[Black "Kahn, E"]
[Result "1-0"]
[WhiteElo "2265"]
[BlackElo "2315"]

1. e4 c5 2. c3 d5 3. exd5 Qxd5 4. d4 e6 5. Nf3 Nf6 6. Be3 Be7 7. dxc5 Qxd1+
8. Kxd1 Nbd7 9. Bb5 O-O 10. c6 Nc5 11. Nbd2 a6 12. cxb7 Bxb7 13. Bc4 Rac8
14. Ke2 a5 15. a4 Ng4 16. Bb5 Nxe3 17. fxe3 Bd5 18. Rhg1 Rfd8 19. g4 Bd6
20. h4 Be7 21. g5 Bf8 22. Ne5 Bd6 23. Ndf3 Kf8 24. h5 g6 25. Rg4 Kg7 26.
Rh4 Ne4 27. Rg1 Rb8 28. Rf4 Rb7 29. h6+ Kg8 30. Rgg4 Nc5 31. Rd4 Bb3 32.
Nc6 Bxa4 33. Bxa4 Rxb2+ 34. Nd2 Nxa4 35. Nxd8 Nxc3+ 36. Kf3 Be5 37. Rd7 1-0

[Event "FSIM June"]
[Site "Budapest HUN"]
[Date "1996.06.05"]
[Round "4"]
[White "Bigaliev, R"]
[Black "Tejas, B"]
[Result "1-0"]
[WhiteElo "2390"]
[BlackElo "2170"]

1. e4 c5 2. Nf3 d6 3. d4 cxd4 4. Nxd4 Nf6 5. Nc3 Nc6 6. Be2 e5 7. Nf3 h6 8.
O-O Be7 9. b3 O-O 10. Bb2 Be6 11. Re1 Rc8 12. Bf1 Qa5 13. a3 Rfe8 14. b4
Qd8 15. Nd5 Bxd5 16. exd5 Nb8 17. c4 b6 18. Nd2 Bf8 19. Bd3 b5 20. Qb3 bxc4
21. Bxc4 Re7 22. a4 Rec7 23. Bd3 g6 24. Nb1 e4 25. Bf1 Bg7 26. Na3 Re7 27.
Rad1 Qd7 28. Nb5 Nh5 29. Nc3 f5 30. Nb5 Bxb2 31. Qxb2 a6 32. Nd4 Re5 33.
Rc1 Rxc1 34. Rxc1 Nf4 35. Nc6 Re8 36. Qd2 g5 37. b5 axb5 38. Bxb5 Qg7 39.
Nd4 Rd8 40. Nxf5 Qf6 41. Ng3 Qe5 42. Re1 Nd7 43. Qa5 Qe7 44. Nf5 Qf8 45.
Nxh6+ Kh7 46. Nf7 Qxf7 47. Qxd8 Ne5 48. Qxd6 Qf5 49. Rc1 Neg6 50. Rc7+ Kh6
51. Qd7 1-0

[Event "FSIM June"]
[Site "Budapest HUN"]
[Date "1996.06.05"]
[Round "4"]
[White "Gietl, T"]
[Black "Farago, S"]
[Result "0-1"]
[WhiteElo "2235"]
[BlackElo "2365"]

1. e4 c5 2. Nf3 d6 3. d4 cxd4 4. Nxd4 Nf6 5. Nc3 g6 6. Be3 Bg7 7. f3 O-O 8.
Bc4 Nc6 9. Qd2 Bd7 10. h4 Ne5 11. Bb3 h5 12. O-O-O Rc8 13. Nde2 a5 14. Bh6
b5 15. Bxg7 Kxg7 16. a3 b4 17. axb4 axb4 18. Nb1 Bb5 19. Nf4 Qa5 20. g4 Rc5
21. gxh5 Rfc8 22. hxg6 Rxc2+ 23. Bxc2 Ba4 24. h5 Bxc2 25. h6+ Kh8 26. g7+
Kh7 27. Qe3 Bxe4+ 28. Kd2 Nxf3+ 29. Ke2 Qh5 30. Nd3 Ne5+ 31. Kd2 Bxh1 0-1

[Event "FSIM June"]
[Site "Budapest HUN"]
[Date "1996.06.06"]
[Round "5"]
[White "Kahn, E"]
[Black "Gietl, T"]
[Result "1-0"]
[WhiteElo "2315"]
[BlackElo "2235"]

1. d4 f5 2. g3 g6 3. Bg2 Nf6 4. c4 Bg7 5. Nh3 O-O 6. O-O Nc6 7. d5 Ne5 8.
Qb3 d6 9. Nc3 Nfd7 10. Na4 c5 11. dxc6 bxc6 12. c5+ d5 13. Bxd5+ cxd5 14.
Qxd5+ Kh8 15. Qxa8 Qa5 16. Nc3 Nxc5 17. Bf4 Ng4 18. Bb8 Bb7 19. Qxa7 Qb4
20. a3 Qb3 21. Qxc5 Rxb8 22. Qb4 Qg8 23. Qxe7 Bf6 24. Qc7 Ba8 25. Rad1 Rxb2
26. Rb1 Be5 27. Qc5 Rd2 28. Rfd1 Rc2 29. Qe7 Bf6 30. Qa7 Rxc3 31. Rb8 Rc8
32. Rdb1 Be5 33. Rxc8 Qxc8 34. Ng5 Bc7 35. Rc1 Bb7 36. Qc5 1-0

[Event "FSIM June"]
[Site "Budapest HUN"]
[Date "1996.06.06"]
[Round "5"]
[White "Czebe, A"]
[Black "Bigaliev, R"]
[Result "1-0"]
[WhiteElo "2325"]
[BlackElo "2390"]

1. e4 c5 2. Nf3 d6 3. d4 cxd4 4. Nxd4 Nf6 5. Nc3 a6 6. Be3 e5 7. Nb3 Be6 8.
f4 exf4 9. Bxf4 Nc6 10. Qd2 d5 11. exd5 Nxd5 12. Nxd5 Qxd5 13. Qxd5 Bxd5
14. O-O-O O-O-O 15. g3 g6 16. Bh3+ f5 17. Rhe1 h5 18. Bg5 Bh6 19. Bxh6 Rxh6
20. Nc5 Rh7 21. Ne6 Bxe6 22. Rxe6 Rxd1+ 23. Kxd1 Rd7+ 24. Ke1 Re7 25. Rxe7
Nxe7 26. Bg2 b6 27. Ke2 Kd7 28. Ke3 g5 29. Bf3 g4 30. Bb7 Ke6 31. Bxa6 Ke5
32. Bc4 Ng6 33. a4 f4+ 34. gxf4+ Nxf4 35. b4 Ne6 36. a5 bxa5 37. bxa5 Nc5
38. a6 1-0

[Event "FSIM June"]
[Site "Budapest HUN"]
[Date "1996.06.06"]
[Round "5"]
[White "Farago, S"]
[Black "Schlusnik, N"]
[Result "1-0"]
[WhiteElo "2365"]
[BlackElo "2225"]

1. e4 c5 2. Nf3 d6 3. d4 cxd4 4. Nxd4 Nf6 5. Nc3 g6 6. Be3 Bg7 7. f3 O-O 8.
Bc4 Nc6 9. Qd2 Bd7 10. O-O-O Rc8 11. Bb3 Ne5 12. h4 Nc4 13. Bxc4 Rxc4 14.
h5 Nxh5 15. g4 Nf6 16. Kb1 Qa5 17. Nb3 Qa6 18. Bh6 Be6 19. Bxg7 Kxg7 20.
Qh6+ Kg8 21. Rd2 Rfc8 22. Rdh2 Rxc3 23. bxc3 Bxb3 24. axb3 Rc5 25. Qe3 Qa3
26. c4 Rxc4 27. Rxh7 Nxh7 28. Qh6 e5 29. Qxh7+ Kf8 30. Qh6+ Ke7 31. bxc4
1-0

[Event "FSIM June"]
[Site "Budapest HUN"]
[Date "1996.06.06"]
[Round "5"]
[White "Grabics, M"]
[Black "Vajda, S"]
[Result "0-1"]
[WhiteElo "2225"]
[BlackElo "2265"]

1. e4 c5 2. Nf3 d6 3. d4 cxd4 4. Nxd4 Nf6 5. Nc3 a6 6. Be3 e5 7. Nb3 Be6 8.
Qe2 Nbd7 9. O-O-O Rc8 10. f3 Rxc3 11. bxc3 d5 12. Kb2 dxe4 13. Bg5 exf3 14.
gxf3 Qc7 15. Bxf6 gxf6 16. f4 Nb6 17. Qe4 Bd7 18. Qd3 Na4+ 19. Ka1 Qxc3+
20. Qxc3 Nxc3 21. Rd3 Ne4 22. Re3 Nc5 23. Bg2 Nxb3+ 24. Rxb3 b5 25. Bb7 a5
26. Rd1 Be7 27. Rbd3 Bf5 28. Bc6+ Kf8 29. Rd5 Bxc2 30. R1d2 Bg6 31. Kb2 Kg7
32. Rxb5 Bb4 33. Rg2 exf4 34. h4 h5 35. Bf3 Bd6 36. Rxh5 Rb8+ 37. Kc3 Re8
38. Rd5 Re3+ 39. Kc4 Be5 40. Bh5 Kh6 41. Bxg6 fxg6 42. Rd3 Rg3 43. Rh2 Kh5
44. Rd8 Rc3+ 45. Kb5 f3 46. Rf2 Kxh4 47. Rd1 g5 48. Kxa5 g4 49. Kb4 g3 50.
Rh1+ Kg4 51. Rd2 f2 52. Rf1 Rf3 53. Rd8 Kf4 54. Rg8 Ke3 0-1

[Event "FSIM June"]
[Site "Budapest HUN"]
[Date "1996.06.06"]
[Round "5"]
[White "Tejas, B"]
[Black "Vologin, V"]
[Result "1-0"]
[WhiteElo "2170"]
[BlackElo "2325"]

1. e4 c5 2. Nf3 Nc6 3. d4 cxd4 4. Nxd4 Nf6 5. Nc3 e5 6. Ndb5 d6 7. Bg5 a6
8. Na3 b5 9. Bxf6 gxf6 10. Nd5 Bg7 11. Bd3 Ne7 12. Nxe7 Qxe7 13. O-O O-O
14. c4 f5 15. Qf3 bxc4 16. Nxc4 d5 17. exd5 e4 18. Qe2 Bb7 19. d6 Qg5 20.
Bc2 f4 21. Bxe4 Rae8 22. Nd2 Qe5 23. d7 Re6 24. Qd3 Rd6 25. Nc4 Bxe4 26.
Qxd6 Qg5 27. f3 Bf5 28. Rad1 Rd8 29. Rfe1 Bxd7 30. Qc7 Bf6 31. Rxd7 Rxd7
32. Qxd7 Qc5+ 33. Kh1 Qxc4 34. b3 Qb4 35. Re8+ Kg7 36. Qc8 Kh6 37. Qxa6 Kg7
38. Qf1 Be7 39. Qe2 Bf6 40. g3 fxg3 41. hxg3 Qa3 42. Kg2 h5 43. Re4 Qc1 44.
a4 Qa1 45. Qd2 Kg6 46. a5 Bc3 47. Ra4 1-0

[Event "FSIM June"]
[Site "Budapest HUN"]
[Date "1996.06.07"]
[Round "6"]
[White "Joecks, C"]
[Black "Farago, S"]
[Result "1-0"]
[WhiteElo "2380"]
[BlackElo "2365"]

1. e4 c5 2. Nf3 d6 3. d4 cxd4 4. Nxd4 Nf6 5. Nc3 g6 6. Be3 Bg7 7. f3 O-O 8.
Qd2 Nc6 9. Bc4 Bd7 10. Bb3 Rc8 11. O-O-O Ne5 12. h4 h5 13. Bh6 a5 14. Bxg7
Kxg7 15. a4 Rc5 16. Rhe1 Qb6 17. Kb1 Rfc8 18. Nd5 Nxd5 19. exd5 Re8 20. Re4
Qc7 21. Rde1 b5 22. Nxb5 Bxb5 23. axb5 Qb7 24. f4 Ng4 25. Qxa5 Nf6 26. Ra4
Rxb5 27. Qa7 Rxb3 28. cxb3 Qxb3 29. Qd4 Qxd5 30. Qxd5 Nxd5 31. Rd4 Nf6 32.
b4 d5 33. Kb2 e6 34. b5 Nd7 35. Rxd5 Nb6 36. Rd4 Rc8 37. Rc1 Rb8 38. Rc5
Rb7 39. Kb3 Nd7 40. Kb4 Nxc5 41. Kxc5 Kf6 42. Kc6 Rb8 43. b6 Kf5 44. Kc7
Ra8 45. b7 Ra7 46. Kb6 Rxb7+ 47. Kxb7 f6 48. Kc6 e5 49. fxe5 fxe5 50. Ra4
e4 51. Kd5 1-0

[Event "FSIM June"]
[Site "Budapest HUN"]
[Date "1996.06.07"]
[Round "6"]
[White "Vajda, S"]
[Black "Tejas, B"]
[Result "1-0"]
[WhiteElo "2265"]
[BlackElo "2170"]

1. e4 c5 2. Nf3 d6 3. c3 Nf6 4. Be2 Nc6 5. d4 cxd4 6. cxd4 g6 7. O-O Bg7 8.
d5 Ne5 9. Nxe5 dxe5 10. Nc3 O-O 11. Qb3 Ne8 12. Be3 Nd6 13. f3 f5 14. a4 f4
15. Bf2 g5 16. Nb5 h5 17. Rfc1 Nxb5 18. Bxb5 Kh8 19. a5 Bf6 20. a6 b6 21.
Rc3 g4 22. fxg4 Bxg4 23. h3 Bc8 24. Qd1 Kg7 25. Qxh5 Rh8 26. Qe2 Rh6 27.
Rac1 Rg6 28. Qc4 Qh8 29. Kf1 Qh5 30. Qe2 Qh8 31. Qc2 Bg4 32. hxg4 Qh1+ 33.
Bg1 Rh8 34. Be2 b5 35. Bf3 b4 36. Rc7 Rh2 37. d6 b3 38. Qd2 Rh3 39. Ke2
Rxf3 40. gxf3 Bh4 41. Bf2 Qg2 42. Rf1 Rxg4 43. dxe7 1-0

[Event "FSIM June"]
[Site "Budapest HUN"]
[Date "1996.06.07"]
[Round "6"]
[White "Gietl, T"]
[Black "Grabics, M"]
[Result "0-1"]
[WhiteElo "2235"]
[BlackElo "2225"]

1. e4 c5 2. b4 b6 3. bxc5 bxc5 4. Nc3 Nc6 5. Rb1 g6 6. g3 Bg7 7. f4 e6 8.
e5 d6 9. Bg2 Nge7 10. exd6 Qxd6 11. Ne4 Qc7 12. Ne2 O-O 13. Nxc5 Qa5 14.
Nd3 Qxa2 15. Rb3 Rb8 16. Rxb8 Nxb8 17. O-O a5 18. Ne5 a4 19. Rf3 Ba6 20.
Ba3 Re8 21. c4 Bxe5 22. fxe5 Qxc4 23. Nc3 Qd4+ 24. Rf2 Nbc6 25. Nxa4 Nxe5
26. Bb2 Qg4 27. Qa1 Nd3 28. Bh8 e5 29. Bxe5 Nxf2 30. Kxf2 Nf5 31. Bf3 Qh3
32. g4 Nh4 33. Bg3 Nxf3 34. Kxf3 Bb7+ 35. Kf4 Re4+ 36. Kg5 h6+ 0-1

[Event "FSIM June"]
[Site "Budapest HUN"]
[Date "1996.06.07"]
[Round "6"]
[White "Schlusnik, N"]
[Black "Kahn, E"]
[Result "1/2-1/2"]
[WhiteElo "2225"]
[BlackElo "2315"]

1. e4 c5 2. Nf3 d6 3. d4 cxd4 4. Nxd4 Nf6 5. Nc3 g6 6. Be3 Bg7 7. f3 O-O 8.
Qd2 Nc6 9. Bc4 Bd7 10. O-O-O Qa5 11. Kb1 Ne5 12. Bb3 Rfc8 13. h4 Nc4 14.
Bxc4 Rxc4 15. Nb3 Qc7 16. Bd4 Be6 17. h5 a5 18. hxg6 hxg6 19. a4 Rb4 20.
Rh4 b5 21. Rdh1 bxa4 22. Rh7 Nxh7 23. Bxg7 Kxg7 24. Qh6+ Kf6 25. Qf4+ Kg7
26. Qh6+ Kf6 27. Qh4+ Ng5 28. f4 Bxb3 29. cxb3 Ke6 30. Qg4+ f5 31. exf5+
gxf5 32. Rh6+ Kd7 33. Qxf5+ e6 34. Qxg5 Qc5 35. Qg7+ Kc6 36. Nxa4 Qe3 37.
Rh7 Qe4+ 38. Ka2 Rxa4+ 39. bxa4 Qxa4+ 40. Kb1 Qd1+ 41. Ka2 Qa4+ 1/2-1/2

[Event "FSIM June"]
[Site "Budapest HUN"]
[Date "1996.06.08"]
[Round "7"]
[White "Czebe, A"]
[Black "Vajda, S"]
[Result "0-1"]
[WhiteElo "2325"]
[BlackElo "2265"]

1. e4 e5 2. Nf3 Nc6 3. Bb5 a6 4. Ba4 Nf6 5. O-O Be7 6. Qe2 b5 7. Bb3 d6 8.
c3 Na5 9. d4 Nxb3 10. axb3 exd4 11. Nxd4 Bb7 12. f3 O-O 13. c4 b4 14. Rd1
Nd7 15. Nd2 Bf6 16. Nf1 Nc5 17. Qc2 a5 18. Ne3 Bxd4 19. Rxd4 Qf6 20. Rd1 a4
21. bxa4 b3 22. Qf2 Rxa4 23. Rxa4 Nxa4 24. Qg3 Ra8 25. Nf5 Nxb2 26. Bg5 Qe5
27. Bf4 Qf6 28. Bg5 Qe5 29. Bf4 Qf6 30. Rb1 Nd3 31. Bh6 Ra1 32. Ne7+ Kf8
33. Bxg7+ Qxg7 34. Qxg7+ Kxg7 35. Rxa1 Kf6 36. Nf5 Ba6 37. Ne3 Ke5 38. Rxa6
b2 39. Ra5+ 0-1

[Event "FSIM June"]
[Site "Budapest HUN"]
[Date "1996.06.08"]
[Round "7"]
[White "Grabics, M"]
[Black "Schlusnik, N"]
[Result "1/2-1/2"]
[WhiteElo "2225"]
[BlackElo "2225"]

1. e4 c5 2. Nf3 e6 3. d4 cxd4 4. Nxd4 Nf6 5. Nc3 Nc6 6. Ndb5 d6 7. Bf4 e5
8. Bg5 a6 9. Na3 b5 10. Bxf6 gxf6 11. Nd5 f5 12. Bd3 Be6 13. Qh5 Rg8 14. g3
Rg5 15. Qxh7 Bxd5 16. exd5 Ne7 17. O-O-O Qb6 18. Rd2 Rg6 19. Qh4 e4 20. Re1
exd3 21. Rxd3 Kd7 22. f4 Qf2 23. Rde3 Nxd5 24. R1e2 Qg1+ 25. Re1 Qf2 26.
R1e2 Qg1+ 27. Re1 Qf2 1/2-1/2

[Event "FSIM June"]
[Site "Budapest HUN"]
[Date "1996.06.08"]
[Round "7"]
[White "Tejas, B"]
[Black "Gietl, T"]
[Result "0-1"]
[WhiteElo "2170"]
[BlackElo "2235"]

1. e4 e5 2. Nf3 Qe7 3. Bc4 h6 4. O-O Nf6 5. d4 d6 6. b3 c6 7. dxe5 dxe5 8.
Bb2 Nbd7 9. a4 Qd6 10. Nbd2 Qb8 11. Nh4 Nc5 12. f4 exf4 13. b4 Bg4 14. Qe1
Ne6 15. Nf5 Qc7 16. Qh4 O-O-O 17. Nb3 Rg8 18. h3 Bxf5 19. exf5 Ng5 20. Qf2
f3 21. Qxa7 Nxh3+ 22. Kh1 fxg2+ 23. Kxg2 Nf4+ 24. Kh1 N6d5 25. b5 Bd6 26.
a5 Qe7 27. Rf2 Qe4+ 28. Kg1 Nh3+ 29. Kf1 Ne3+ 30. Ke2 Nxc4+ 31. Kf1 Ne3+
32. Ke2 Nxc2+ 33. Kf1 Ne3+ 34. Ke2 Nxf5+ 0-1